| 000 | 00892nam a22001935i 4500 | ||
|---|---|---|---|
| 001 | 163843 | ||
| 003 | ES-MaACL | ||
| 005 | 20230906212824.0 | ||
| 008 | 970626s1881 sp |||| | spa d | ||
| 040 |
_aCLM _bspa _cCLM |
||
| 100 | 1 |
_aRodríguez y Abaytúa, Nicolás. _998867 |
|
| 245 | 1 | 0 |
_aTratado de termometría médica, termofisiologia, termopatologia, termosemeiologia y termacologia / _cpor Nicolás Rodriguez y Abaytua ... con un prólogo de Mariano Salazar y Alegret ... obra acompañada de 40 trazados termográficos. |
| 260 |
_aMadrid : _b[s.n.], _c1881 ( _fTipografía Guttenberg) |
||
| 300 |
_aXV, 483 p., 3 h. de lám. : _bil. ; _c24 cm. |
||
| 599 | 1 | _aLas h. de lám. pleg. son trazados termográficos: "Lit. Martinez Lavapies, 14" | |
| 650 | 4 |
_aTermometría médica. _9136923 |
|
| 700 | 1 |
_aSalazar y Alegret, Mariano. _9132324 |
|
| 852 |
_aES-MaACL _jG-14618 _z-- Enc. hol. |
||
| 999 |
_c163843 _d163843 |
||